|
|
|
|
| LEADER |
01211nam a2200229 a 4500 |
| 001 |
GR-Patra7565 |
| 008 |
991022s1987 gr 000 0 gre d |
| 040 |
|
|
|a GrPaTEI
|b gre
|c GR-PaULI
|
| 245 |
0 |
0 |
|a Πολιτικές στάσεις και αντιλήψεις στην αρχή της εφηβείας :
|b πολιτική κοινωνικοποίηση στο πλαίσιο της ελληνικής πολιτικής κουλτούρα.
|
| 260 |
|
|
|a Αθήνα :
|b Gutenberg,
|c 1987
|
| 300 |
|
|
|a 630σ.
|
| 490 |
1 |
|
|a Κοινωνιολογική Βιβλιοθήκη ;
|v 17
|
| 504 |
|
|
|a Βιβλιογραφία : σ.617-630
|
| 650 |
|
4 |
|a Εφηβεία
|
| 650 |
|
4 |
|a ΚΟΙΝΩΝΙΚΟΠΟΙΗΣΗ, ΠΟΛΙΤΙΚΗ
|
| 650 |
|
4 |
|a ΠΟΛΙΤΙΚΗ ΚΟΙΝΩΝΙΚΟΠΟΙΗΣΗ
|
| 700 |
1 |
|
|a Παντελίδου-Μαλούτα, Μάρω
|
| 830 |
|
0 |
|1 00111560
|1 2001
|a Κοινωνιολογική Βιβλιοθήκη ;
|v 17
|
| 942 |
|
|
|2 ddc
|
| 952 |
|
|
|0 0
|1 0
|2 ddc
|4 0
|6 306_200000000000000_ΠΑΝ
|7 0
|9 288614
|a LISK
|b LISK
|c BSC
|d 2021-01-17
|e 24
|f 0
|g 0.00
|l 0
|o 306.2 ΠΑΝ
|p 92410010759
|r 2021-01-17 00:00:00
|t 1
|w 2021-01-17
|y BK15
|x 19991024 0 1
|x GrPaTEI
|
| 971 |
|
|
|a .b26550805
|b 16-04-20
|c 23-09-16
|
| 999 |
|
|
|c 168361
|d 168361
|